000
00248nam a22001097a 4500
008
170125b xxu||||| |||| 00| 0 eng d
020
_a
9780073374543
041
_a
eng
080
_a
618.2
245
_a
MEDICAL ASSISTING
_c
BOOTH, K.A
942
_2
udc
_c
BK
999
_c
3597
_d
3597